000 00652nam a2200205 a 4500
001 1852
005 20140414132021.0
008 010426s19uu xx 00 eng d
020 _a0-394-86346-1
050 _aTR
_bF95 1984
100 _aBillam, Rosemary
245 _aFuzzy rabbit /
_cby Rosemary Billam ; pictures by Vanessa Julian-Ottie.
260 _aNew York :
_bRandom House,
_c1984.
300 _a1v. p. ; cm.
440 _aA Random House pictureback
520 _aAs Fuzzy Rabbit's mistress gets other newer toys, he begins to feel neglected and unloved.
650 _aToys - Fiction.
650 _aRabbits - Fiction.
999 _c113472
_d113472